[Event "Polugaevsky Mem 2014"]
[Site "Samara RUS"]
[Date "2014.07.10"]
[Round "9.8"]
[White "Predke, Alexandr"]
[Black "Yuzhakov, Oleg"]
[Result "1-0"]
[BlackTitle "FM"]
[WhiteElo "2513"]
[BlackElo "2373"]
[WhiteFideId "24107581"]
[BlackFideId "24104604"]
[EventDate "2014.07.02"]

1. e4 e6 2. d4 d5 3. Nc3 Nf6 4. Bg5 dxe4 5. Nxe4 Nbd7 6. Nf3 Be7 7. Nxf6+ Bxf6
8. h4 c5 9. Qd2 cxd4 10. O-O-O O-O 11. Nxd4 h6 12. Nf3 Qb6 13. c3 hxg5 14. hxg5
Be5 15. Bd3 f6 16. Kb1 Nc5 17. Bg6 Bd7 18. Nxe5 fxe5 19. Qe3 Na4 20. Rh8+ 1-0

[Event "Polugaevsky Mem 2014"]
[Site "Samara RUS"]
[Date "2014.07.10"]
[Round "9.9"]
[White "Mokshanov, Alexey"]
[Black "Vlassov, Nikolai"]
[Result "1-0"]
[WhiteTitle "FM"]
[BlackTitle "IM"]
[WhiteElo "2440"]
[BlackElo "2471"]
[WhiteFideId "24121657"]
[BlackFideId "4103360"]
[EventDate "2014.07.02"]

1. e4 Nc6 2. d4 d5 3. e5 h5 4. Be2 h4 5. h3 Bf5 6. Nf3 e6 7. c3 Qd7 8. O-O f6 9.
b4 Nge7 10. Nbd2 Ng6 11. Nb3 Nd8 12. Re1 Qf7 13. Bf1 Be7 14. Nc5 O-O 15. Bd3
Bxd3 16. Nxd3 b6 17. exf6 gxf6 18. Nf4 f5 19. Qe2 Nxf4 20. Bxf4 Bf6 21. Bg5 Qh5
22. Bxf6 Rxf6 23. Qe5 Rf7 24. Qf4 Rh7 25. Re3 Rc8 26. Rae1 Qh6 27. Ng5 Re7 28.
Nxe6 Rxe6 29. Qxf5 Qg6 30. Qxd5 c6 31. Qd7 1-0

[Event "Polugaevsky Mem 2014"]
[Site "Samara RUS"]
[Date "2014.07.10"]
[Round "9.10"]
[White "Ovchinnikov, Vsevolod"]
[Black "Lugovskoy, Maxim"]
[Result "0-1"]
[BlackTitle "IM"]
[WhiteElo "2147"]
[BlackElo "2397"]
[WhiteFideId "24176842"]
[BlackFideId "24126454"]
[EventDate "2014.07.02"]

1. d4 d5 2. c4 c6 3. Nf3 Nf6 4. Nc3 dxc4 5. a4 Bf5 6. Ne5 Nbd7 7. Nxc4 Qc7 8. g3
e5 9. dxe5 Nxe5 10. Bf4 Nfd7 11. Bg2 f6 12. O-O Be6 13. Nxe5 Nxe5 14. a5 a6 15.
Qa4 Be7 16. Nd5 Bxd5 17. Bxd5 O-O-O 18. Bg2 Kb8 19. Be3 Qd6 20. Bb6 Rde8 21. Ra3
h5 22. Rb3 Ka8 23. Rc1 Rc8 24. Be3 h4 25. Rb6 h3 26. Be4 Rc7 27. Qb3 Rd8 28. f3
g6 29. Bc2 Rcd7 30. Rd1 Qc7 31. Rxd7 Qxd7 32. Qc3 g5 33. Rb3 g4 34. Bf2 gxf3 35.
exf3 Bd6 36. Qe3 Bb8 37. Rc3 Qd5 38. Rb3 Ng4 39. Qe2 Nxf2 40. Kxf2 Ba7+ 41. Kf1
Qd4 42. Ke1 Qg1+ 43. Qf1 Bf2+ 44. Ke2 Rd2+ 0-1